000 00454nam a2200193Ia 4500
003 GCL
008 140319s9999 xx 000 0 eng d
040 _aGCL /
_cGCL
082 0 4 _a748.6
_bB G
100 1 _aLACKMAR, JANET
245 1 0 _aGLASS: FOR A BEAUTIFUL HOME /
_cLACKMAR, JANET
260 _a[S.N] :
_bPREMIER ،
_c1988
300 _a159
650 0 4 _aARTS
650 0 4 _aDECORATION
650 0 4 _aGLASS
650 0 4 _aHOUSES
942 _2ddc
_cBK
999 _c17221
_d17221